Cuaderno de federalismo

Wedi'i Gadw mewn:
Manylion Llyfryddiaeth
Awdur Corfforaethol: Academia Nacional de Derecho y (Awdur)
Fformat: Llyfr
Iaith:Sbaeneg
Cyhoeddwyd: Córdoba Academia Nacional de Derecho 1992
Pynciau:
Tagiau: Ychwanegu Tag
Dim Tagiau, Byddwch y cyntaf i dagio'r cofnod hwn!

MARC

LEADER 00000nam a2200000 a 4500
001 UCP3494
003 CL-VaPUC
005 20250107110229.0
008 990625e19920000AG |||||||||||||||||spa|d
999 |c 281808  |d 281806 
040 |c Pontificia Universidad Católica de Valparaíso 
082 0 4 |a 342.042  |b ACA  |2 21 
110 2 |a Academia Nacional de Derecho y   |e author  |9 430819 
245 1 0 |a Cuaderno de federalismo 
260 |a Córdoba  |b Academia Nacional de Derecho  |c 1992 
300 |a 89 p 
583 |a last modification  |c 19990625 00:00:00  |k Rodrigo Vera 
600 0 7 |a COMUNIDAD EUROPEA  |2 CL-VaPUC  |9 430820 
650 7 |a DESCENTRALIZACION  |2 CL-VaPUC  |9 311229 
650 0 |a Autonomía  |9 374048 
650 0 |a Constitución política  |9 336925 
650 7 |a DERECHO FEDERAL  |2 CL-VaPUC  |9 258704 
650 0 |a Jurisprudencia  |9 255952 
650 7 |a DERECHO PUBLICO PROVINCIAL  |2 CL-VaPUC  |9 430821 
942 |c BK  |2 ddc 
945 |d 19990625 00:00:00  |a vberengu 
952 |0 0  |1 0  |4 0  |6 342_042000000000000_ACA_1992  |7 0  |8 A  |9 322803  |a BIBDER  |b BIBDER  |d 2019-11-20  |i 3498107  |o 342.042 ACA 1992  |p 3498107  |r 2023-01-25  |w 2019-11-20  |y BK  |k DER